|
|
|
|
| LEADER |
00867nam a2200217 i 4500 |
| 001 |
c000241240 |
| 003 |
CARM |
| 005 |
00000000000000.0 |
| 008 |
840306s1977 enk 0 eng d |
| 019 |
1 |
|
|a 10214491
|5 LACONCORD2021
|
| 035 |
|
|
|a (OCoLC)221631353
|5 LACONCORD2021
|
| 082 |
0 |
4 |
|a 371.33589
|
| 100 |
1 |
|
|a Steedman, Jane.
|
| 245 |
1 |
0 |
|a Viewpoints on V̀iewpoint' :
|b final report to the Steering Committee of the IBA research fellowship /
|c Jane Steedman.
|
| 260 |
|
|
|a London :
|b Independent Broadcasting Authority,
|c 1977.
|
| 300 |
|
|
|a 189p.
|
| 440 |
|
0 |
|a IBA fellowship scheme
|
| 650 |
|
0 |
|a Television in sociological research.
|
| 852 |
8 |
|
|b CARM
|h A1:AQ27E0
|i F01874
|p 0362904
|f BK
|
| 999 |
f |
f |
|i ea7ecaec-b24b-54e5-a970-d30f1f25a447
|s 021b7a09-f0c8-55a1-ba2c-cdefa1138cf4
|
| 952 |
f |
f |
|p Can circulate
|a CAVAL
|b CAVAL
|c CAVAL
|d CARM 1 Store
|e F01874
|f A1:AQ27E0
|h Other scheme
|i book
|m 0362904
|